[Event "Kvika Reykjavik Open 2022"]
[Site "Reykjavik ISL"]
[Date "2022.04.10"]
[Round "6.91"]
[White "Gudnyjarson, Sigurdur Pall"]
[Black "Marzik, Hans"]
[Result "0-1"]
[WhiteElo "1420"]
[BlackElo "2050"]
[WhiteFideId "2321637"]
[BlackFideId "16254686"]
[EventDate "2022.04.06"]

1. d4 Nf6 2. c4 g6 3. Nc3 Bg7 4. e4 O-O 5. Be2 d6 6. Be3 e5 7. d5 a5 8. h3 Na6
9. Nf3 Nc5 10. Nd2 Bd7 11. O-O Qe7 12. Qc2 Ne8 13. f4 f5 14. Bxc5 dxc5 15. exf5
Bxf5 16. Bd3 Nd6 17. Rae1 Rae8 18. Bxf5 Rxf5 19. g4 Rff8 20. fxe5 Bxe5 21. Nce4
Rxf1+ 22. Kxf1 Qh4 23. Nf2 Rf8 24. Nf3 Rxf3 25. Rxe5 Qxh3+ 26. Ke1 Qg3 27. Qe2
Rxf2 28. Qxf2 Qxe5+ 29. Kf1 0-1

[Event "Kvika Reykjavik Open 2022"]
[Site "Reykjavik ISL"]
[Date "2022.04.10"]
[Round "6.92"]
[White "Kartsev, Nikolay"]
[Black "Briem, Gudrun Fanney"]
[Result "1-0"]
[WhiteElo "2041"]
[BlackElo "1364"]
[WhiteFideId "12939536"]
[BlackFideId "2317486"]
[EventDate "2022.04.06"]

1. e4 c5 2. d4 cxd4 3. c3 dxc3 4. Nxc3 Nc6 5. Nf3 d6 6. Bc4 g6 7. e5 Bg7 8. exd6
Qxd6 9. Qxd6 exd6 10. O-O Bxc3 11. bxc3 Be6 12. Re1 Kd7 13. Bxe6+ fxe6 14. Ng5
Nf6 15. Rb1 b6 16. Rxe6 Rae8 17. Rxe8 Rxe8 18. Be3 Re7 19. Rd1 h6 20. Nf3 g5 21.
h4 g4 22. Nd4 Nxd4 23. Bxd4 Ng8 24. a4 Kc6 25. Kh2 h5 26. Kg3 Re2 27. Kf4 Ra2
28. Kg5 g3 29. fxg3 Rxg2 30. Rd3 Ra2 31. Kxh5 Rxa4 32. Re3 a5 33. Kg6 b5 34. Re8
b4 35. Rxg8 b3 36. Rb8 Ra3 37. h5 a4 38. h6 Ra1 39. h7 Rh1 40. h8=Q Rxh8 41.
Bxh8 Kc5 42. Rb4 1-0

[Event "Kvika Reykjavik Open 2022"]
[Site "Reykjavik ISL"]
[Date "2022.04.10"]
[Round "6.93"]
[White "Steiner, Juraj"]
[Black "Hoskuldsson, Sigurdur Heidar"]
[Result "1-0"]
[WhiteElo "2028"]
[BlackElo "1321"]
[WhiteFideId "367516"]
[BlackFideId "2319675"]
[EventDate "2022.04.06"]

1. d4 g6 2. c4 Bg7 3. Nc3 d6 4. e4 b6 5. Be2 Nd7 6. Be3 Bb7 7. Nf3 h6 8. O-O e6
9. Qc2 Ne7 10. Rad1 e5 11. Nh4 Ng8 12. g3 a6 13. b4 Qe7 14. Nd5 Qd8 15. dxe5
Bxe5 16. f4 Bxd5 17. fxe5 Be6 18. exd6 g5 19. Nf5 Bxf5 20. Rxf5 Ngf6 21. e5 1-0

[Event "Kvika Reykjavik Open 2022"]
[Site "Reykjavik ISL"]
[Date "2022.04.10"]
[Round "6.94"]
[White "Sigurthorsson, Kristinn J"]
[Black "Thorisson, Bjartur"]
[Result "1-0"]
[WhiteElo "1818"]
[BlackElo "1292"]
[WhiteFideId "2311585"]
[BlackFideId "2314916"]
[EventDate "2022.04.06"]

1. e4 c5 2. Nf3 e6 3. d4 cxd4 4. Nxd4 Nc6 5. Be3 Nf6 6. f3 Qb6 7. Nc3 Qxb2 8.
Ncb5 Bb4+ 9. Kf2 O-O 10. Bc4 a6 11. Rb1 Qxb1 12. Qxb1 axb5 13. Bxb5 Bc5 14. c3
Ra3 15. Rc1 Ne7 16. Ke2 e5 17. Nf5 1-0

[Event "Kvika Reykjavik Open 2022"]
[Site "Reykjavik ISL"]
[Date "2022.04.10"]
[Round "6.95"]
[White "Banerjee, Aryan"]
[Black "Koes, Richard"]
[Result "1/2-1/2"]
[WhiteElo "1374"]
[BlackElo "1807"]
[WhiteFideId "1765035"]
[BlackFideId "1020528"]
[EventDate "2022.04.06"]

1. d4 Nf6 2. c4 e5 3. dxe5 Ng4 4. Bf4 g5 5. Bg3 Bg7 6. e3 Nxe5 7. Nc3 d6 8. Be2
Nbc6 9. Nf3 Ng6 10. Nd4 O-O 11. O-O Nxd4 12. exd4 f5 13. f3 c6 14. Bf2 Nf4 15.
Re1 Nxe2+ 16. Rxe2 Qf6 17. Qd2 Bd7 18. Rae1 1/2-1/2

[Event "Kvika Reykjavik Open 2022"]
[Site "Reykjavik ISL"]
[Date "2022.04.10"]
[Round "6.96"]
[White "Palsson, Oli"]
[Black "Acevedo Mendez, Lisseth"]
[Result "0-1"]
[BlackTitle "WIM"]
[WhiteElo "1295"]
[BlackElo "1801"]
[WhiteFideId "2320142"]
[BlackFideId "6502938"]
[EventDate "2022.04.06"]

1. e4 e5 2. Nf3 Nc6 3. Bc4 Bc5 4. O-O Nf6 5. c3 O-O 6. d4 exd4 7. cxd4 Bb6 8. e5
Ne4 9. Bd5 Nxf2 10. Rxf2 d6 11. Bxc6 bxc6 12. Kh1 dxe5 13. Rd2 e4 14. Ne5 Qd6
15. Nc3 f5 16. Nc4 Qg6 17. Nxb6 axb6 18. d5 e3 19. Rd3 f4 20. dxc6 Qxc6 21. Nd5
Qh6 22. Ne7+ Kh8 23. Nxc8 Raxc8 24. Qe2 Rce8 25. b3 Qc6 26. Ba3 Rf6 27. Rf1 h6
28. Bb2 Rf7 29. Rd4 Ref8 30. h3 Qc5 31. Rc4 Qa5 32. Rf3 Qg5 33. Ba3 Rd8 34. Rc2
Rfd7 35. Bb4 Kh7 36. Bc3 Qf5 37. Rc1 Qe4 38. Re1 Rd3 39. Ba1 Rd2 40. Qc4 Qxc4
41. bxc4 g5 42. h4 Kg6 43. Kh2 Rxa2 44. hxg5 hxg5 45. Be5 Rdd2 46. Rfxe3 fxe3
47. Rxe3 Rxg2+ 48. Kh1 Rgc2 49. Re1 Rxc4 50. Kg1 Kf5 51. Kh1 Re4 52. Rxe4 Kxe4
53. Bxc7 b5 54. Bd6 g4 55. Kg1 Kf3 0-1

[Event "Kvika Reykjavik Open 2022"]
[Site "Reykjavik ISL"]
[Date "2022.04.10"]
[Round "6.97"]
[White "De Winter, Eric"]
[Black "Sundberg, William"]
[Result "1-0"]
[WhiteElo "1722"]
[BlackElo "1279"]
[WhiteFideId "1033069"]
[BlackFideId "1742043"]
[EventDate "2022.04.06"]

1. f4 d5 2. Nf3 Nf6 3. e3 g6 4. b3 Bg7 5. Bb2 Bf5 6. Be2 Nbd7 7. d3 c6 8. Nd4
Be6 9. O-O Qc7 10. Nd2 O-O-O 11. Nxe6 fxe6 12. Nf3 Rhg8 13. Ne5 Qb6 14. Qd2 Nxe5
15. fxe5 Nd7 16. d4 Bh6 17. Bg4 Nf8 18. Ba3 Rd7 19. Bc5 Qa6 20. Be2 b5 21. a4
Qb7 22. axb5 cxb5 23. Rxa7 Qc6 24. Rfa1 Rxa7 25. Rxa7 Nd7 26. Bxe7 Qb6 27. Ra8+
Nb8 28. Bd6 Kd7 29. Qd3 Kc6 30. Qc3+ 1-0

[Event "Kvika Reykjavik Open 2022"]
[Site "Reykjavik ISL"]
[Date "2022.04.10"]
[Round "6.99"]
[White "Eythorsson, Engilbert Vidar"]
[Black "Riedelsheimer, Julia"]
[Result "0-1"]
[WhiteElo "1253"]
[BlackElo "1663"]
[WhiteFideId "2321769"]
[BlackFideId "16212193"]
[EventDate "2022.04.06"]

1. d4 f5 2. c4 Nf6 3. Bg5 e6 4. Nc3 Bb4 5. Qc2 O-O 6. Nf3 h6 7. Bxf6 Qxf6 8. e3
b6 9. Be2 Bb7 10. O-O Bxc3 11. Qxc3 d6 12. Rfd1 Nd7 13. d5 e5 14. Bd3 e4 15.
Qxf6 Rxf6 16. Nd4 exd3 17. Ne6 Ne5 18. b3 c6 19. f4 cxd5 20. cxd5 Nd7 21. b4 Rc8
22. Rxd3 Bxd5 23. Nxg7 Be4 24. Nxf5 Bxf5 25. Rd5 Be4 26. Rd4 d5 27. g4 Rg6 28.
h3 Nf6 29. Kf2 Nxg4+ 30. hxg4 Rxg4 31. a4 Rc2+ 32. Kf1 Rh4 33. Rd2 Rxd2 34. Ke1
Rb2 35. Ra2 Rh1# 0-1

[Event "Kvika Reykjavik Open 2022"]
[Site "Reykjavik ISL"]
[Date "2022.04.10"]
[Round "6.101"]
[White "Hafthorsson, Jon Ulfur"]
[Black "Gupta, Anand"]
[Result "0-1"]
[WhiteElo "1186"]
[BlackElo "1543"]
[WhiteFideId "2323206"]
[BlackFideId "30951739"]
[EventDate "2022.04.06"]

1. e4 e6 2. d4 d5 3. f3 dxe4 4. fxe4 e5 5. Bc4 Qh4+ 6. Kf1 Qxe4 7. Qh5 Qf5+ 8.
Qxf5 Bxf5 9. Nf3 exd4 10. Nxd4 Bg6 11. Bf4 Bc5 12. Nb3 Bb6 13. c3 Nd7 14. N1d2
O-O-O 15. Re1 Ngf6 16. g3 Nc5 17. Nxc5 Bxc5 18. b4 Bb6 19. Nf3 Ne4 20. Be5 Nd2+
21. Nxd2 Rxd2 22. Re2 Rxe2 23. Kxe2 Re8 0-1

[Event "Kvika Reykjavik Open 2022"]
[Site "Reykjavik ISL"]
[Date "2022.04.10"]
[Round "6.102"]
[White "Lewis, Stephen"]
[Black "Saemundarson, Saethor Ingi"]
[Result "1/2-1/2"]
[WhiteElo "1929"]
[BlackElo "1212"]
[WhiteFideId "479713"]
[BlackFideId "2319845"]
[EventDate "2022.04.06"]

1. e4 e5 2. d4 exd4 3. Qxd4 Nc6 4. Qe3 Bb4+ 5. Nc3 d6 6. Bc4 Nf6 7. Bd2 Bc5 8.
Qg5 Qe7 9. f4 h6 10. Qh4 Bf5 11. O-O-O Nxe4 12. Qxe7+ Nxe7 13. Nxe4 Bxe4 14. Nf3
Bxf3 15. gxf3 O-O 16. b4 Bd4 17. c3 d5 18. Bxd5 Nxd5 19. cxd4 Rfe8 20. Rhe1 Rad8
21. Kc2 Kh7 22. Kd3 Kg6 23. Rg1+ Kf6 24. Rde1 Rxe1 25. Rxe1 Rd6 1/2-1/2

[Event "Kvika Reykjavik Open 2022"]
[Site "Reykjavik ISL"]
[Date "2022.04.10"]
[Round "6.103"]
[White "Brynjarsson, Orvar Holm"]
[Black "Gasanova, Ulker"]
[Result "1/2-1/2"]
[WhiteElo "1211"]
[BlackElo "1479"]
[WhiteFideId "2321726"]
[BlackFideId "2302055"]
[EventDate "2022.04.06"]

1. e4 c5 2. c3 e6 3. d4 cxd4 4. cxd4 Nc6 5. Nc3 Bb4 6. Be3 Nf6 7. Bd3 O-O 8. Nf3
h6 9. O-O Bxc3 10. bxc3 a6 11. h3 b5 12. a3 Bb7 13. Bc2 Ne7 14. Nd2 Rc8 15. e5
Nfd5 16. Ne4 Nxe3 17. fxe3 Bxe4 18. Bxe4 Rxc3 19. Qd2 Qa5 20. Kh2 Rfc8 21. Qf2
Rf8 22. Qd2 Qc7 23. Rac1 Rxc1 24. Rxc1 Qb8 25. Bc2 d6 26. Qd3 Ng6 27. exd6 Qxd6+
28. g3 Rd8 29. Kg2 Kf8 30. Rf1 Ke7 31. Qe4 Qd5 32. Qxd5 Rxd5 33. Bxg6 fxg6 34.
Kf3 Rf5+ 35. Ke2 Rxf1 36. Kxf1 Kd6 37. Ke2 e5 38. Kd3 exd4 39. Kxd4 a5 40. e4 b4
41. a4 b3 42. Kc3 b2 43. Kxb2 Ke5 44. Kb3 Kxe4 45. Kc4 g5 46. Kb5 Kd5 47. g4 g6
48. Kxa5 Kc5 49. Ka6 Kc6 50. a5 h5 51. Ka7 Kc7 52. a6 1/2-1/2

[Event "Kvika Reykjavik Open 2022"]
[Site "Reykjavik ISL"]
[Date "2022.04.10"]
[Round "6.105"]
[White "Sveinbjornsson, Gudmundur Orri"]
[Black "Hafdisarson, Ingi Thor"]
[Result "0-1"]
[WhiteElo "1144"]
[BlackElo "1314"]
[WhiteFideId "2318369"]
[BlackFideId "2306956"]
[EventDate "2022.04.06"]

1. e4 c6 2. d4 d5 3. exd5 cxd5 4. Nf3 Bf5 5. Bf4 Nc6 6. c3 e6 7. Bb5 Ne7 8. O-O
a6 9. Ba4 b5 10. Bc2 Bxc2 11. Qxc2 Nf5 12. Re1 Be7 13. Nbd2 O-O 14. Ne5 Rc8 15.
Qd3 Na5 16. b4 Nc6 17. a3 Nxe5 18. Rxe5 Bd6 19. Rxf5 exf5 20. Be3 f4 21. Re1
fxe3 22. Rxe3 Re8 23. Rh3 g6 24. Nf3 Qe7 25. Qd2 Qe4 26. Rxh7 Qb1+ 0-1

[Event "Kvika Reykjavik Open 2022"]
[Site "Reykjavik ISL"]
[Date "2022.04.10"]
[Round "7.1"]
[White "Andersen, Mads"]
[Black "Praggnanandhaa, R"]
[Result "1/2-1/2"]
[WhiteTitle "GM"]
[BlackTitle "GM"]
[WhiteElo "2582"]
[BlackElo "2624"]
[WhiteFideId "1413864"]
[BlackFideId "25059530"]
[EventDate "2022.04.06"]

1. e4 c5 2. c3 Nf6 3. e5 Nd5 4. Nf3 d6 5. exd6 e6 6. g3 Bxd6 7. Bg2 Nc6 8. O-O
O-O 9. d4 cxd4 10. Nxd4 Nxd4 11. Qxd4 Qc7 12. c4 Nf6 13. Nc3 Bd7 14. Nb5 Bxb5
15. cxb5 Rfd8 16. Qd3 Rac8 1/2-1/2

[Event "Kvika Reykjavik Open 2022"]
[Site "Reykjavik ISL"]
[Date "2022.04.10"]
[Round "7.2"]
[White "Hjartarson, Johann"]
[Black "Warmerdam, Max"]
[Result "0-1"]
[WhiteTitle "GM"]
[BlackTitle "GM"]
[WhiteElo "2465"]
[BlackElo "2599"]
[WhiteFideId "2300044"]
[BlackFideId "1048104"]
[EventDate "2022.04.06"]

1. c4 Nf6 2. Nc3 g6 3. d4 Bg7 4. e4 d6 5. Nf3 O-O 6. Be2 e5 7. O-O exd4 8. Nxd4
Re8 9. f3 c6 10. Nc2 Na6 11. Kh1 h6 12. Be3 d5 13. exd5 cxd5 14. Bf2 Nc7 15. c5
Bd7 16. Qd2 a5 17. Rfe1 Bc6 18. Bf1 Nd7 19. Rxe8+ Qxe8 20. Re1 Qf8 21. Bg3 Ne6
22. Bd6 Qd8 23. Nxd5 Ndxc5 24. Ne7+ Kh7 25. Nxc6 bxc6 26. b3 Ra7 27. Bf4 Rd7 28.
Qe3 Nd3 29. Bxd3 Rxd3 30. Qe4 Nxf4 31. Qxf4 Rd2 32. Ne3 Rxa2 33. Nc4 Qd3 34. h3
Qc2 35. Rg1 Qxb3 36. Ne5 Ra4 0-1

[Event "Kvika Reykjavik Open 2022"]
[Site "Reykjavik ISL"]
[Date "2022.04.10"]
[Round "7.3"]
[White "Beerdsen, Thomas"]
[Black "Idani, Pouya"]
[Result "0-1"]
[WhiteTitle "IM"]
[BlackTitle "GM"]
[WhiteElo "2496"]
[BlackElo "2638"]
[WhiteFideId "1030108"]
[BlackFideId "12510130"]
[EventDate "2022.04.06"]

1. e4 c5 2. Nf3 d6 3. d4 cxd4 4. Nxd4 Nf6 5. Nc3 a6 6. h4 e5 7. Nb3 Be7 8. Be2
b5 9. g4 h6 10. Rg1 Bb7 11. g5 hxg5 12. hxg5 Nxe4 13. Nxe4 Bxe4 14. Bf3 Bc6 15.
Bd5 g6 16. Qf3 Bxd5 17. Qxd5 Nd7 18. Be3 Rc8 19. O-O-O Qc7 20. Qd2 Rh4 21. Kb1
Nb6 22. Rh1 Rxh1 23. Rxh1 Nc4 24. Qd3 Nxe3 25. fxe3 Bxg5 26. Nd2 Qc6 27. Rh8+
Ke7 28. Rh7 Bxe3 29. Ne4 d5 30. Nc3 d4 31. Ne4 Qc4 32. Qd1 d3 33. Nc3 dxc2+ 34.
Kxc2 b4 0-1

[Event "Kvika Reykjavik Open 2022"]
[Site "Reykjavik ISL"]
[Date "2022.04.10"]
[Round "7.4"]
[White "Laurent-Paoli, Pierre"]
[Black "Gukesh, D"]
[Result "1/2-1/2"]
[WhiteTitle "IM"]
[BlackTitle "GM"]
[WhiteElo "2487"]
[BlackElo "2637"]
[WhiteFideId "26017962"]
[BlackFideId "46616543"]
[EventDate "2022.04.06"]

1. d4 Nf6 2. c4 e6 3. Nf3 d5 4. Nc3 Bb4 5. cxd5 exd5 6. Bg5 h6 7. Bh4 Bf5 8. Qb3
Nc6 9. e3 g5 10. Bg3 Ne4 11. Bb5 O-O 12. O-O Bxc3 13. bxc3 Na5 14. Qb2 c6 15.
Be2 b5 16. Nd2 Nxg3 17. hxg3 Nc4 18. Qc1 Nb6 19. Nb3 Na4 20. Qd2 Qe7 21. Rae1 a5
22. f3 b4 23. c4 Be6 24. cxd5 Bxd5 25. e4 Be6 26. f4 Nc3 27. Bd3 a4 28. Nc5 Bxa2
29. e5 Rad8 30. Qf2 Bd5 31. g4 a3 32. Qg3 f6 33. e6 Ba2 34. Qf2 b3 35. Nd7 b2
36. fxg5 hxg5 37. Qd2 Bxe6 38. Nxf8 b1=Q 39. Ng6 Qf7 40. Bxb1 Nxb1 41. Qa5 Rc8
42. Rxe6 Qxe6 43. Rxb1 Re8 44. Qxa3 Kg7 45. Ne5 fxe5 46. Rb7+ Kg8 47. Qh3 Qg6
48. Qb3+ Qe6 49. Qh3 Qg6 50. dxe5 Rxe5 51. Rb8+ Re8 52. Qb3+ Kf8 53. Qf3+ Kg8
54. Qb3+ Kf8 55. Qf3+ Kg8 56. Qb3+ 1/2-1/2

[Event "Kvika Reykjavik Open 2022"]
[Site "Reykjavik ISL"]
[Date "2022.04.10"]
[Round "7.5"]
[White "Fier, Alexandr"]
[Black "Jarmula, Lukasz"]
[Result "1/2-1/2"]
[WhiteTitle "GM"]
[BlackTitle "GM"]
[WhiteElo "2573"]
[BlackElo "2434"]
[WhiteFideId "2107139"]
[BlackFideId "1160664"]
[EventDate "2022.04.06"]

1. e4 e5 2. Bc4 Nf6 3. d3 Bc5 4. Nf3 d6 5. O-O O-O 6. c3 Bb6 7. Bg5 h6 8. Bh4
Nbd7 9. Nbd2 Re8 10. Re1 Nf8 11. d4 Ng6 12. Bg3 Nh7 13. a4 a6 14. Bb3 Qf6 15.
Nc4 Ba7 16. Ne3 c6 17. Qc2 Ng5 18. Nxg5 hxg5 19. Rad1 Nf4 20. dxe5 dxe5 21. Nf5
Bc5 22. a5 Nh5 23. Bc4 Be6 24. Bxe6 Qxe6 25. Qd2 Qf6 26. b4 Rad8 27. Qe2 Nxg3
28. hxg3 Ba7 29. Ne3 Rxd1 30. Rxd1 Rd8 31. Rxd8+ Qxd8 32. Nc4 Qf6 33. Qd2 g6 34.
Nb6 Bxb6 35. axb6 Qe7 36. c4 f6 37. c5 Kf7 38. g4 Kg7 39. g3 Kf7 40. Kg2 Kg7 41.
Kf3 Kf7 42. Ke3 Kg7 43. Kf3 Kf7 44. Ke3 Kg7 1/2-1/2

[Event "Kvika Reykjavik Open 2022"]
[Site "Reykjavik ISL"]
[Date "2022.04.10"]
[Round "7.6"]
[White "Clarke, Brandon G I"]
[Black "Cornette, Matthieu"]
[Result "0-1"]
[WhiteTitle "IM"]
[BlackTitle "GM"]
[WhiteElo "2436"]
[BlackElo "2569"]
[WhiteFideId "400319"]
[BlackFideId "620084"]
[EventDate "2022.04.06"]

1. e4 e6 2. d4 d5 3. e5 c5 4. c3 Nc6 5. Nf3 Bd7 6. Bd3 cxd4 7. O-O dxc3 8. Nxc3
Nge7 9. Bg5 Qb8 10. Re1 Ng6 11. Rc1 h6 12. Be3 Ngxe5 13. Nxe5 Nxe5 14. Nxd5 Bd6
15. Bd4 Bc6 16. Qh5 Nxd3 17. Rxe6+ Kf8 18. Qf5 Nxc1 19. Bxg7+ Kxg7 20. Rg6+ Kf8 0-1

[Event "Kvika Reykjavik Open 2022"]
[Site "Reykjavik ISL"]
[Date "2022.04.10"]
[Round "7.7"]
[White "Korley, Kassa"]
[Black "Gretarsson, Hjorvar Steinn"]
[Result "1/2-1/2"]
[WhiteTitle "IM"]
[BlackTitle "GM"]
[WhiteElo "2400"]
[BlackElo "2542"]
[WhiteFideId "2033801"]
[BlackFideId "2302241"]
[EventDate "2022.04.06"]

1. d4 Nf6 2. c4 c6 3. Nf3 d5 4. g3 Bf5 5. Nc3 e6 6. Nh4 Be4 7. f3 Bg6 8. Qb3 Qd7
9. Nxg6 hxg6 10. Be3 Bd6 11. Bf2 O-O 12. Bh3 dxc4 13. Qxc4 Qe7 14. O-O Nbd7 1/2-1/2

[Event "Kvika Reykjavik Open 2022"]
[Site "Reykjavik ISL"]
[Date "2022.04.10"]
[Round "7.8"]
[White "Steingrimsson, Hedinn"]
[Black "Tania, Sachdev"]
[Result "0-1"]
[WhiteTitle "GM"]
[BlackTitle "IM"]
[WhiteElo "2538"]
[BlackElo "2392"]
[WhiteFideId "2300117"]
[BlackFideId "5007844"]
[EventDate "2022.04.06"]

1. d4 Nf6 2. c4 e6 3. Nc3 Bb4 4. e3 O-O 5. Bd3 d5 6. cxd5 exd5 7. a3 Bd6 8. Qc2
c6 9. Nge2 a5 10. Bd2 Na6 11. O-O Nc7 12. Na4 Ne6 13. b4 axb4 14. Bxb4 Re8 15.
Bxd6 Qxd6 16. Rfc1 Ng4 17. Ng3 g6 18. Qb3 Ng7 19. Nb6 Ra7 20. Qb4 Qf6 21. Nh1
Qg5 22. Qc5 Ne6 23. Qd6 Qd8 24. Qb4 h5 25. h3 Nf6 26. a4 Nd7 27. a5 Nxb6 28.
axb6 Rxa1 29. Rxa1 Nf8 30. Ng3 Nd7 31. Rb1 Qe7 32. Qc3 Nf6 33. Ne2 Be6 34. Qa5
Qd7 35. Ra1 Bf5 36. Nf4 g5 37. Bxf5 Qxf5 38. Ne2 Ne4 39. Qe1 h4 40. Ra7 Re7 41.
Ra8+ Kg7 42. Rb8 Qd7 43. Qb4 Re8 44. Rxe8 Qxe8 45. Nc3 Nxc3 46. Qxc3 Qe4 47. Qb4
Qe6 48. Qa3 Qc8 49. Qe7 Kg6 50. Kh2 Qa8 51. f4 f6 52. Qd7 Qb8 53. Kh1 gxf4 54.
Qg4+ Kf7 55. exf4 Qd8 56. Qh5+ Kg7 57. f5 Qh8 58. Qg4+ Kf7 59. Qf4 Qd8 60. Qxh4
Qxb6 61. Qh7+ Ke8 62. Qg6+ Ke7 63. Qg7+ Ke8 64. Qg8+ Kd7 65. Qf7+ Kc8 66. Qxf6
Qb1+ 67. Kh2 Qf1 68. Qe6+ Kb8 69. Qe5+ Ka7 70. h4 Qf2 71. Kh3 c5 72. dxc5 d4 73.
c6 bxc6 74. Qc7+ Ka6 75. Qxc6+ Ka5 76. Qc5+ Ka4 77. h5 Qe3+ 78. g3 Qe4 79. Qc4+
Ka5 80. Qe6 Qh1+ 81. Kg4 Qd1+ 82. Kg5 d3 83. h6 Qc1+ 84. Kg6 d2 85. Qd5+ Kb4 86.
Qe4+ Qc4 87. Qb1+ Qb3 88. Qe4+ Qc4 89. Qf3 Qg8+ 90. Kh5 Qb3 91. Qf4+ Kc3 92. h7
Qf7+ 93. Kh6 Qf6+ 94. Kh5 d1=Q+ 0-1

[Event "Kvika Reykjavik Open 2022"]
[Site "Reykjavik ISL"]
[Date "2022.04.10"]
[Round "7.9"]
[White "Song, Julien"]
[Black "Yoo, Christopher Woojin"]
[Result "1/2-1/2"]
[WhiteTitle "IM"]
[BlackTitle "IM"]
[WhiteElo "2373"]
[BlackElo "2532"]
[WhiteFideId "659487"]
[BlackFideId "30909694"]
[EventDate "2022.04.06"]

1. d4 Nf6 2. c4 e6 3. Nf3 d5 4. g3 Be7 5. Bg2 O-O 6. O-O dxc4 7. Qc2 b5 8. a4 b4
9. Nfd2 Nd5 10. Nxc4 c5 11. dxc5 Ba6 12. Ne3 Nd7 13. Nxd5 exd5 14. c6 Rc8 15.
Bf4 Nc5 16. Rd1 d4 17. Nd2 Bxe2 18. Re1 d3 19. Qc4 Ne6 20. Be3 a5 21. Rxe2 dxe2
22. Qxe2 Bc5 23. Nc4 Bxe3 24. Nxe3 Qc7 25. Rd1 Qa7 26. h4 Rfd8 27. Rxd8+ Rxd8
28. Qb5 Rb8 29. Qe5 Qc7 30. Qf5 g6 31. Qf6 Qd8 32. Qe5 Qc7 33. Qf6 Qd8 34. Qe5
Qc7 1/2-1/2

[Event "Kvika Reykjavik Open 2022"]
[Site "Reykjavik ISL"]
[Date "2022.04.10"]
[Round "7.10"]
[White "Maze, Sebastien"]
[Black "Cummings, David H."]
[Result "1/2-1/2"]
[WhiteTitle "GM"]
[BlackTitle "IM"]
[WhiteElo "2524"]
[BlackElo "2321"]
[WhiteFideId "613762"]
[BlackFideId "2603578"]
[EventDate "2022.04.06"]

1. e4 c6 2. Nf3 d5 3. d3 dxe4 4. dxe4 Qxd1+ 5. Kxd1 Nf6 6. Nbd2 Nbd7 7. Ne1 h5
8. f3 g5 9. Nd3 Bh6 10. b3 b6 11. Bb2 Bb7 12. e5 Nd5 13. e6 N7f6 14. exf7+ Kxf7
15. Ne5+ Kg7 16. c4 Ne3+ 17. Ke2 g4 18. g3 c5 19. Rg1 Rhd8 20. f4 Nc2 21. Rc1
Nd4+ 22. Kf2 Nc6 23. Nb1 Nxe5 24. Bxe5 Kf7 25. Bg2 Bxg2 26. Kxg2 Rd3 27. Rcd1
Rad8 28. Rxd3 Rxd3 29. Re1 Nd7 30. Bb2 Nb8 31. Kf2 Nc6 32. Ke2 Rd6 33. Rh1 Bg7
34. Bxg7 Kxg7 35. h3 Nd4+ 36. Kf2 gxh3 37. Rxh3 Kg6 38. Rh1 Nf5 39. Rg1 Rd3 40.
g4 hxg4 41. Rxg4+ Kf6 42. Rg8 Rd1 43. Nc3 Rd2+ 44. Ke1 Rc2 45. Nd5+ Kf7 46. Ra8
Rxa2 47. Nxb6 Nd4 48. Nc8 Nxb3 49. Rxa7 Rxa7 50. Nxa7 Na5 51. Nb5 Nxc4 52. Nc7
Nb6 53. Ke2 Kf6 54. Ke3 Kf5 55. Kf3 e6 56. Nb5 Nc4 57. Nc3 Nd6 58. Nd1 Nc4 59.
Nc3 Nb6 60. Ne4 c4 61. Nd6+ Kf6 62. Ne4+ Kg6 63. Ke3 Na4 64. Ng3 c3 65. Kd3 Kf6 1/2-1/2

[Event "Kvika Reykjavik Open 2022"]
[Site "Reykjavik ISL"]
[Date "2022.04.10"]
[Round "7.11"]
[White "Sadhwani, Raunak"]
[Black "De Wachter, Matthias"]
[Result "1-0"]
[WhiteTitle "GM"]
[BlackTitle "FM"]
[WhiteElo "2628"]
[BlackElo "2295"]
[WhiteFideId "35093487"]
[BlackFideId "201839"]
[EventDate "2022.04.06"]

1. e4 e5 2. Nf3 Nc6 3. Bc4 Bc5 4. c3 Nf6 5. d3 O-O 6. Bg5 h6 7. Bh4 Be7 8. a4 d6
9. Bg3 Kh8 10. a5 a6 11. Nbd2 Nh7 12. Qb3 f5 13. exf5 Rxf5 14. Nf1 e4 15. dxe4
Rxa5 16. Rd1 Bf6 17. Ne3 Qe8 18. O-O Rc5 19. Qa2 Qxe4 20. Rfe1 Bd7 21. b4 Rh5
22. Bd5 1-0

[Event "Kvika Reykjavik Open 2022"]
[Site "Reykjavik ISL"]
[Date "2022.04.10"]
[Round "7.12"]
[White "Niemann, Hans Moke"]
[Black "Hedman, Erik"]
[Result "1-0"]
[WhiteTitle "GM"]
[BlackTitle "IM"]
[WhiteElo "2637"]
[BlackElo "2362"]
[WhiteFideId "2093596"]
[BlackFideId "1702351"]
[EventDate "2022.04.06"]

1. e4 d6 2. d4 Nf6 3. Nc3 e5 4. Nf3 Nbd7 5. Bc4 Be7 6. O-O O-O 7. Re1 c6 8. a4
h6 9. h3 Re8 10. a5 Qc7 11. Be3 exd4 12. Nxd4 Bf8 13. Bf4 Rb8 14. Re3 b5 15.
axb6 axb6 16. b4 b5 17. Bb3 Ne5 18. Bg3 Bd7 19. Qe2 Qb6 20. Rd1 c5 21. bxc5 dxc5
22. Bxe5 Rxe5 23. Nf3 Ree8 24. e5 c4 25. exf6 Rxe3 26. fxe3 Be6 27. Ba2 Qa5 28.
Qe1 b4 29. Qg3 Re8 30. fxg7 Bc5 31. Ne4 Bxe3+ 32. Kh1 Qf5 33. Qe5 Qxe5 34. Nxe5
Kxg7 35. Nd6 Rd8 36. Nf5+ 1-0

[Event "Kvika Reykjavik Open 2022"]
[Site "Reykjavik ISL"]
[Date "2022.04.10"]
[Round "7.13"]
[White "Berdnyk, Mariia"]
[Black "Adhiban, Baskaran"]
[Result "1/2-1/2"]
[WhiteTitle "FM"]
[BlackTitle "GM"]
[WhiteElo "2287"]
[BlackElo "2633"]
[WhiteFideId "14137054"]
[BlackFideId "5018471"]
[EventDate "2022.04.06"]

1. d4 Nf6 2. c4 c5 3. d5 e6 4. Nc3 exd5 5. cxd5 d6 6. g3 g6 7. Bg2 Bg7 8. Nf3
O-O 9. O-O Re8 10. Bf4 Bf5 11. Nh4 Bg4 12. Qd2 b5 13. h3 b4 14. hxg4 bxc3 15.
bxc3 Nxg4 16. Nf3 Nf6 17. Qd3 Ne4 18. Nd2 Nxd2 19. Qxd2 Qc7 20. e4 Nd7 21. Bh6
Rab8 22. Bxg7 Kxg7 23. f4 Qb6 24. Rae1 Qb2 25. Qd3 Qb5 26. c4 Qb2 27. Re2 Qd4+
28. Qxd4+ cxd4 29. Rd1 Nc5 30. Rxd4 Rb1+ 31. Kf2 f6 32. Ke3 f5 33. Kf2 Kf6 34.
e5+ dxe5 35. fxe5+ Rxe5 36. d6 Rxe2+ 37. Kxe2 Rb2+ 38. Kf1 Rb1+ 39. Kf2 Ke6 40.
Bc6 Rb8 41. Ke3 Rc8 42. Bd5+ Kd7 43. Rh4 h5 44. Bf7 Kxd6 45. Bxg6 Rg8 46. Bxf5
Rxg3+ 47. Kf4 Rg2 48. Rxh5 Rxa2 49. Rh6+ Kc7 50. Ke5 Rd2 51. Be4 Nd7+ 52. Kf4
Rd6 53. Rxd6 Kxd6 54. Ke3 Kc5 55. Bd5 a5 56. Kd3 Kb4 57. c5 Nxc5+ 58. Kc2 Ka3
59. Bc6 Ne6 60. Kc3 Nc7 61. Kc4 Ne6 62. Kb5 Nd4+ 63. Kxa5 Nxc6+ 1/2-1/2